00654nam a22002297a 45000010005000000030009000050050017000140070005000310080043000360160010000790200015000890400025001040800006001291000023001352400024001582450071001822600034002533000024002874900045003117000023003568300045003797060DO-SdBNP20180222100929.07060871210s 1984 sp a spa 7 2BPMSU a8471766698 aBPMSUbspacBPMSUe  0a 1 aMontgomery, R. A. 1 aThe haunted house /13aLa casa encantada /cR. A. Montgomery ; ilustraciones Paul Granger1 aBarcelona;bTimun mas,c1984. a56 p.;bil.c20 cm.0 aElige tu propia aventura - globo azulv21 aGranger, Pauleil. 0aElige tu propia aventura - globo azulv2